000 00799nam a22002057a 4500
005 20250724124057.0
010 _aHIN-129967
020 _c350.00
_a9789390594245
020 _a9789390594245
_c350.00
035 _aHN-102313
037 _bDBAD
082 _a
100 _aग्वालानी, शिव
_983271
245 _aमास्टर ऑफ़ नोथिंग वद /
_cशिव ग्वालानी
260 _bएम्प्टी कैनवस पब्लिशर्स
_c2021
270 _a4435-36/7, फर्स्ट फ्लोर अंसारी रोड , दरयागंज
_bदिल्ली
_e110034
300 _a469पृ.
_c22सेमी (अजिल्द)
490 _v
942 _2ddc
_cHN
_h
_mग्वाल
999 _c212554
_d212554